| Поле | Название | Значение |
| |
Тип записи |
a |
| |
Библиографический уровень |
m |
| 001 |
Контрольный номер |
admiBOOK00020379 |
| 005 |
Дата корректировки |
20140710190057.5 |
| 010 |
Индекс ISBN |
__ |
| a |
ISBN |
978-5-9916-2422-0; 978-5-9692-1417-0 |
| d |
Цена |
638,99 |
| 100 |
Данные общей обработки |
__ |
| a |
Данные общей обработки |
19020212 |||y0 y0189 ca |
| 101 |
Язык документа |
__ |
| a |
Язык текста |
rus |
| 105 |
Кодированные данные (монография) |
__ |
| a |
Кодированные данные (монография) |
zy |
| 200 |
Заглавие и сведения об ответственности |
0_ |
| a |
Заглавие |
Внешнеэкономическая деятельность |
| e |
Сведения, относящиеся к заглавию |
учебник для бакалавриата и магистратуры |
| f |
Первые сведения об ответственности |
В.В. Покровская |
| 205 |
Сведения об издании |
__ |
| a |
Основные сведения об издании |
2-е изд., перераб. и доп. |
| b |
Дополнительные сведения об издании |
Рек. УМО |
| 210 |
Выходные данные |
__ |
| a |
Место издания |
М |
| c |
Издательство |
Издательство Юрайт; ИД Юрайт |
| d |
Дата издания |
2014 |
| 215 |
Физическое описание |
__ |
| a |
Объем |
731с. |
| 225 |
Серия |
__ |
| a |
Серия |
Бакалавр и магистр. Академический курс |
| 606 |
Тематические рубрики |
__ |
| a |
Основная рубрика |
Внешнеэкономические связи РФ |
| 610 |
Ключевые слова |
__ |
| a |
Ключевые слова |
Внешнеэкономические связи РФ |
| a |
Ключевые слова |
Регулирование внешнеторговой деятельности |
| a |
Ключевые слова |
Внешнеторговые расчеты |
| a |
Ключевые слова |
Внешнеэкономическая деятельность |
| a |
Ключевые слова |
Внешнеторговая деятельность |
| a |
Ключевые слова |
Международная торговля |
| 675 |
Индекс УДК |
__ |
| a |
Индекс УДК |
339.9(075.8) |
| 686 |
Индексы других классификаций |
__ |
| a |
Классификационный индекс |
65.9(2)8 |
| 700 |
Автор |
__ |
| a |
Фамилия |
Покровская |
| b |
Имя |
В.В. |
| 852 |
Данные о местонахождении |
__ |
| c |
Местонахождение стеллажа |
65.9(2)8 |
| 852 |
Данные о местонахождении |
__ |
| b |
Сигла хранения |
ЧЗ_1 |
| t |
Номер экземпляра |
10 |
| i |
Авторский знак |
П48 |
| p |
Инвентарный номер |
149816 |
| p |
Инвентарный номер |
149817 |
| p |
Инвентарный номер |
149818 |
| p |
Инвентарный номер |
149819 |
| p |
Инвентарный номер |
149820 |
| p |
Инвентарный номер |
149821 |
| p |
Инвентарный номер |
149822 |
| p |
Инвентарный номер |
149823 |
| p |
Инвентарный номер |
149824 |
| p |
Инвентарный номер |
149825 |
| j |
Шифр хранения |
65.9(2)8 |
| 901 |
Тип документа |
__ |
| t |
Тип документа |
m |
| 911 |
|
__ |
| u |
|
952a=Учебник |
| u |
|
952p=2501 |
| 938 |
Служебная информация |
__ |
| a |
Название организации |
Саранский филиал |
| b |
Имя БД |
OUTPUT.MRC_доп |
| c |
Название АИБС |
АИБС Библиотека |